书目信息 |
| 题名: |
软件测试
|
|
| 作者: | 许丽花 主编 | |
| 分册: | ||
| 出版信息: | 北京 高等教育出版社 2013 |
|
| 页数: | 295页 | |
| 开本: | 26cm | |
| 丛书名: | ||
| 单 册: | ||
| 中图分类: | TP311.55 | |
| 科图分类: | ||
| 主题词: | 软件--测试--高等职业教育--教材 | |
| 电子资源: | ||
| ISBN: | 978-7-04-037288-5 | |
| 000 | 00801nam0 2200241 450 | |
| 001 | 0102905667 | |
| 005 | 20130723135035.0 | |
| 010 | @a978-7-04-037288-5@dCNY34.60 | |
| 100 | @a20130712d2013 em y0chiy0120 ea | |
| 101 | 0 | @achi |
| 102 | @aCN@b110000 | |
| 105 | @aa z 000yy | |
| 106 | @ar | |
| 200 | 1 | @a软件测试@9Ruan Jian Ce Shi @f许丽花主编@b专著 |
| 210 | @a北京@c高等教育出版社@d2013 | |
| 215 | @a295页@c图@d26cm | |
| 300 | @a高等职业教育专业教学资源库建设项目规划教材 高等职业教育软件技术专业教学资源库 | |
| 330 | @a本书共分6个单元,包括:软件测试入门、白盒测试、黑盒测试、单元测试、测试管理、自动化测试。 | |
| 606 | 0 | @a软件@x测试@x高等职业教育@j教材 |
| 690 | @aTP311.55@v5 | |
| 701 | 0 | @a许丽花@9xu li hua@4主编 |
| 801 | 0 | @aCN@bZL@c20130527 |
| 905 | @aBZT@dTP311@e120@f1@sTP311/120 | |
| 软件测试/许丽花主编.-北京:高等教育出版社,2013 |
| 295页:图;26cm |
| 高等职业教育专业教学资源库建设项目规划教材 高等职业教育软件技术专业教学资源库 |
| ISBN 978-7-04-037288-5:CNY34.60 |
| 本书共分6个单元,包括:软件测试入门、白盒测试、黑盒测试、单元测试、测试管理、自动化测试。 |
| ● |
| 相关链接 |
|
|
|
正题名:软件测试
索取号:TP311/120
 
预约/预借
| 序号 | 登录号 | 条形码 | 馆藏地/架位号 | 状态 | 备注 |
| 1 | 2000000437 | 2000000437 | 旧书回溯/ [索取号:TP311/120] | 在馆 |